000
00260nam a2200121Ia 4500
008
170620s9999 xx 000 0 und d
020
_a
8175560918
100
_a
DIWAN PARAG
245
0
_a
BUSINESS COMMUNICATION
260
_b
U.B.S
260
_c
2006
300
_a
144
546
_a
ENGLISH
999
_c
29816
_d
29816